Text book on aquaculture engineering (Record no. 15418)
[ view plain ]
| 000 -LEADER | |
|---|---|
| fixed length control field | 00337nam a22001337a 4500 |
| 020 ## - INTERNATIONAL STANDARD BOOK NUMBER | |
| ISBN | 9789384337049 |
| 082 ## - DEWEY DECIMAL CLASSIFICATION NUMBER | |
| Classification number | 639.3 |
| Item number | MIS/TE |
| 100 ## - MAIN ENTRY--AUTHOR NAME | |
| Personal name | Mishre, Rabinarayan |
| 245 ## - TITLE STATEMENT | |
| Title | Text book on aquaculture engineering |
| 260 ## - PUBLICATION, DISTRIBUTION, ETC. (IMPRINT) | |
| Place of publication | Delhi |
| Name of publisher | Narendra Publishing House |
| Year of publication | 2015 |
| 300 ## - PHYSICAL DESCRIPTION | |
| Number of Pages | 330p |
| 700 ## - ADDED ENTRY--PERSONAL NAME | |
| Personal name | Dora, K.C |
| 942 ## - ADDED ENTRY ELEMENTS (KOHA) | |
| Koha item type | Books |
| Withdrawn status | Lost status | Damaged status | Collection code | Home library | Current library | Shelving location | Date acquired | Source of acquisition | Cost, normal purchase price | Full call number | Accession Number | Koha item type |
|---|---|---|---|---|---|---|---|---|---|---|---|---|
| KAUAET | KAUAET | General Stacks | 31/03/2018 | Vigyan Books | 3195.00 | 639.3 MIS/TE | 25678 | Books |
